| 000 | 00967nas a2200301 4500 | ||
|---|---|---|---|
| 001 | BR0802299 | ||
| 003 | BR-BrBNA | ||
| 005 | 20231205111942.0 | ||
| 007 | ta | ||
| 008 | 230509b bl.|||p| |||| 00| 00por d | ||
| 040 |
_aBR-BrBNA _bpor _cBiblioteca Nacional de Agricultura |
||
| 041 | _a(Pt) | ||
| 072 | _aL40 | ||
| 100 | 1 | _aSantos, A.L.Q. | |
| 100 | 1 | _aMundim, A.V. | |
| 100 | 1 | _aMoraes, F.M. | |
| 100 | 1 | _aAlvarenga, G.J.R. | |
| 100 | 1 | _aMarques, F.K. | |
| 100 | 1 | _aBorges, K.M. | |
| 100 | 1 | _aAlves Júnior, J.R.F. | |
| 245 | 1 | _aOrigem e ramificações das artérias mesentéricas cranial e caudal em tartaruga da Amazônia Podocnemis expansa - Schwigger, 1812, (Testudinata-pelomedusidae) | |
| 650 | _aTARTARUGA | ||
| 650 | _aANATOMIA ANIMAL | ||
| 650 | _aARTÉRIA | ||
| 773 | 0 |
_tArchives of Veterinary Science (Brazil) _xISSN 1517-784X _g(2004), v. 9(2) p. 49-53 _wBR0802299 |
|
| 909 |
_a202311 _bLúcia _c55 _dLúcia Elande |
||
| 942 |
_2AGRIS _n0 _cANA |
||
| 999 |
_c195305 _d195305 |
||